00717nam a2200181 a 450000100100000000500170001000800410002704000250006808200140009311000670010724500460017426000370022030000220025704900090027995201120028895201180040099900170051800002775320200930031052.0110125s1982 dr 000 0 spa d aDO-SdBNPbspacBNPHU axxxxbI492 aInstituto Nacional de Formación Técnico Profesional93574910aINFOTEP :bbalance de actividades 1981 /. aSanto Domingo :bINFOTEC,c1982. a113 p.. ;c24 cm. aBNPD 0010718PDaPDbPDcCTd2011-04-04iLF1l0oxxxx I49p27753-10r2020-06-25w2020-06-25yLFPDZNo se presta 0010718PDaPDbPDcCTd2011-04-12iLF1l0oxxxx I49p27753-20r2020-06-25te. 2w2020-06-25yLFPDZNo se presta c27245d27245